000 00521nam a22001697a 4500
005 20260310123302.0
008 260310b |||||||| |||| 00| 0 eng d
041 _aMar.
082 _a720.93
_bPMC
100 _aPune Municipal Corporation
_9216918
245 _aPune : The City Of Life
260 _aPune
_bPune Municipal Corporation
_c2015
300 _a208p
_bHB
_c28.5 x 25.5 cm
365 _aINR
_b1.00
_cRupaye
500 _a1) Heritage 2) Inspiration 3) Beacons of Light 4) Evolution 5) Verve
942 _cDB
999 _c370649
_d370649